00884cam a2200205 a 450000500170000000800410001704000230005804100080008104400070008908200200009611000620011624501420017826000600032030000610038050000360044150400280047765000610050565000620056665100500062820161128094647.0041027s2000 ck a r 00010 spa d ala cladCO-BoIAVH0 aspa ack04a634.956 bJ17h 2 aJardín Botánico de Medellín Joaquín Antonio Uribe10aHacia la conservación y el uso de los bosques en el nordeste antioqueño / cFundación Jardín Botánico Joaquín Antonio Uribe. aMedellín : bFundación Jardín Botánico, c2000. a38 páginas : bilustraciones ; c23 x 16 centímetros aDatos tomados de la carátula. aIncluye bibliografía. 4aConservación de bosquesz Amalfi (Antioquia, Colombia) 4aConservación de bosquesz Anorí (Antioquia, Colombia) aAmalfi (Antioquia, Colombia)x Descripción.